000 01152nam a22001937a 4500
005 20250307164146.0
010 _aHIN-129482
020 _c200.00
_a9789350693995
035 _aHN-101828
037 _bDBAD
082 _a230.35
100 _aकामराजु ,अनिल कुमार
_979435
245 _aसाईं-मनोविज्ञान:
_cअनिल कुमार कामराजु; नीरू मल्होत्रा द्वारा अनुवादित
_bश्री सत्य साईं द्वारा मानव व्यवहार का अध्यात्मीकरण /
260 _aआन्ध्रप्रदेश
_bश्री सत्य साईं साधना ट्रस्ट , पब्लिकेशन्स डिविजन
_c2019
270 _aप्रशान्ति निलयम , अनतपुर
_bआन्ध्रप्रदेश
_e34
300 _a424पृ.
_c23 सेमी (अजिल्द )
700 _aमल्होत्रा, नीरू
_979436
942 _2ddc
_cHN
_h230.35
_mकामरा
999 _c210187
_d210187